000 01194nam a22002657a 4500
001 CFM_9265
003 FranzMayer
005 20230719122203.0
008 230719b |||||||| |||| 00| 0 eng d
040 _aMFM
_besp
_cMFM
050 4 _aLM16
_bT57 1786
082 _2R148
100 1 _4Autor
_aTissot, Mr.
_928841
240 1 _aAviso a los literatos y poderosos acerca de su salud
_hTratados de las enfermedades más comunes á esta clase de personas
_lesp
245 0 _aAviso a los literatos y poderosos acerca de su salud
_bTratados de las enfermedades más comunes á esta clase de personas
260 _aMadrid, España
_bImprenta de Benito Cano
_c1986
300 _a432 p
_c21 cm
500 _aIncluye una nota escrita a mano en la segunda hoja
505 0 _aTexto en: españolTraducido del fráncesDirigido a: médicos, historiadores, sociólogos, investigadores, científicos Incluye índice temático
600 1 _2Traductor
_aGalisteo Xiorro, Félix
_928842
650 1 _2Medicina
_aHistoria de la medicina
_vSiglo XVII-XVIII
_928843
651 _2Historia europea
_aMedicina
_vMedicina medieval
_928844
700 1 _4Trad.
_aGalisteo Xiorro, Félix
_928845
942 _2lcc
_cB
999 _c10884
_d10884